000 00739nam a2200241 a 4500
008
020 _a9781447305880 (hbk.)
049 _aMAIN
090 _aJV6225
_bLON
100 1 _aLonghi, Vittorio.
245 1 0 _aThe immigrant war :
_ba global movement against discrimination and exploitation /
_cVittorio Longhi.
260 _aBristol :
_bSEPS,
_c213.
300 _ax, 156 p. ;
_c24 cm.
504 _aIncludes bibliographical references.
500 _aIncludes index.
650 _aimigrants
_xpolitical aspects
_vemigration
650 _aWar
_xsociety
907 _a.b1036996x
_b19-02-16
_c18-02-16
003
005 20230123122208.0
040 _cNUST
942 _cBOOKS
_kJV6225
_mLON
999 _c129471
_d129471